Góp phần xác lập hệ thống quan niệm văn học trung đại Việt Nam

Trình bày hệ thống những quan niệm văn học trung đại Việt Nam (quan niệm văn học yêu nước, văn học truyền thụ, văn học hiện thực và nhân dân). Hệ thống quan niệm về các chỉnh thể chủ yếu của văn học (về nhà văn, về tác phẩm và thể loại). Các mối liên hệ lịch sử của hệ thống...

Descrición completa

Gardado en:
Detalles Bibliográficos
Autor Principal: Phương Lựu (Tác giả)
Formato: Libro
Idioma:Vietnamese
Publicado: Hà Nội Văn hoá Thông tin 2002
Những chủ đề:
Các nhãn: Engadir etiqueta
Sen Etiquetas, Sexa o primeiro en etiquetar este rexistro!
Thư viện lưu trữ: Mạng thư viện Đại học Đà Nẵng
LEADER 01804nam a2200385 4500
001 000004206
003 337
005 20121211001203.0
008 110718s2002 viesd
020 |c 43000đ 
041 0 |a vie 
082 |a 895.922  |b PH-L 
100 0 |a Phương Lựu  |e Tác giả 
245 0 |a Góp phần xác lập hệ thống quan niệm văn học trung đại Việt Nam  |c Phương Lựu 
260 |a Hà Nội  |b Văn hoá Thông tin  |c 2002 
300 |a 443tr  |c 19cm 
500 |a Thư mục: tr. 421-440 
520 |a Trình bày hệ thống những quan niệm văn học trung đại Việt Nam (quan niệm văn học yêu nước, văn học truyền thụ, văn học hiện thực và nhân dân). Hệ thống quan niệm về các chỉnh thể chủ yếu của văn học (về nhà văn, về tác phẩm và thể loại). Các mối liên hệ lịch sử của hệ thống 
653 |a Nghiên cứu văn học 
653 |a Văn học trung đại 
653 |a VHVN 
653 |a Lịch sử và phê bình 
910 |a Huỳnh Thị Cẩm Lai  |d 18/07/2011 
OWN |a LSP 
AVA |a UDN50  |b LNN  |d 895.922 PH-L  |e available  |t Error 5001 Not defined in file expand_doc_bib_avail.  |f 1  |g 0  |h N  |i 0 
AVA |a UDN50  |b LSP  |d 895.922 PH-L  |e available  |t Error 5001 Not defined in file expand_doc_bib_avail.  |f 10  |g 0  |h N  |i 0  |k 1 
999 |a From the UDN01 
AVA |a UDN50  |b LNN  |d 895.922 PH-L  |e available  |t Error 5001 Not defined in file expand_doc_bib_avail.  |f 1  |g 0  |h N  |i 0 
AVA |a UDN50  |b LSP  |d 895.922 PH-L  |e available  |t Error 5001 Not defined in file expand_doc_bib_avail.  |f 10  |g 0  |h N  |i 0  |k 1 
TYP |a Monograph 
TYP |a Printed language 
980 |a Mạng thư viện Đại học Đà Nẵng